000 00192 a2200097 4500
020 _a9780805209709
041 _aeng
100 _aHelen y Scott nearings
245 _aThe good life
942 _cK
999 _c26961
_d26961